000 01400nam a22003977a 4500
003 CHAP
005 20220329141306.0
008 971010s1983 r 00010 d
010 _a65887
011 _a66859
035 _a75841
040 _cCHAP
090 _aTesis
100 0 0 _aMejía Dubón, Cleófas.
_974251
245 _aInoculación con Rhizobium y su efecto en los componentes del rendimiento en cuatro especies Phaseolus
260 _aChapingo, Méx. :
_bEl autor,
_c1983
300 _a136 h.
_b; láms. ; gráfs.
502 _aTesis (Ing. Agr. Esp. en Fitotecnia) -- UACH. Departamento de Fitotecnia
590 _aALEPH
_b10
_c20130110
_lUCH01
_h1359
590 _aBATCH-UPD
_b10
_c20130110
_lUCH01
_h0322
590 _aBATCH-UPD
_b10
_c20130110
_lUCH01
_h1836
590 _aBATCH-UPD
_b10
_c20130409
_lUCH01
_h2355
590 _aBATCH-UPD
_b10
_c20130410
_lUCH01
_h1648
590 _aBATCH-UPD
_b10
_c20130914
_lUCH01
_h1442
590 _aCONVERSION
_b10
_c20130109
_lUCH01
_h1336
650 1 4 _aFrijol
_xInoculación.
_943396
650 1 4 _aFrijol
_xRendimiento.
_943429
650 1 4 _aFrijol
_xVariedades.
_943446
650 1 4 _aRhizobium.
_997124
901 _aBK
942 _cFOLL
949 _bBC
_cTES
_d-147063
_eTS1
_i75841
_si
949 _bBC
_cTES
_d-147064
_eTS2
_fc.2
_i75841
_si
949 _bBC
_cTES
_d-147065
_eTS2
_fc.3
_h21929
_i75841
_si
949 _bZA
_cTESBD
_d-8826
_eTS1
_h65
_i75841
_si
999 _c65887
_d65887